|
|
|
|
| LEADER |
00000cam a2200000 i 4500 |
| 001 |
1/47990 |
| 008 |
140523s2010 gr | ||| |||| ||gre|| |
| 020 |
|
|
|a 9789609325257
|
| 035 |
|
|
|l 10117752
|
| 040 |
|
|
|a GR-MyUa
|b gre
|e AACR2
|
| 041 |
0 |
|
|a gre
|
| 082 |
7 |
|
|a 938.977
|2 (23)
|
| 100 |
1 |
|
|a Διακογεωργίου, Παντελής Ευ.
|
| 245 |
1 |
3 |
|a Τα Σιάννα της Ρόδου :
|b συμβολή στην ιστορία και τη λαογραφία ; κάλλιστα γας, ήα Βρασιά /
|c Παντελής Ευστ. Διακογεωργίου.
|
| 260 |
|
|
|a Ρόδος :
|b [χ.ό.],
|c 2010.
|
| 300 |
|
|
|a 269 σ. :
|b εικ., φωτ. ;
|c 24 εκ.
|
| 504 |
|
|
|a Βιβλιογραφία: σ. 269.
|
| 650 |
|
0 |
|a Folklore and history
|z Greece
|z Rhodes (Island)
|
| 651 |
|
0 |
|a Greece
|x History
|x Sources.
|
| 651 |
|
0 |
|a Rhodes (Greece : Island)
|x Social life and customs
|x Sources.
|
| 852 |
|
|
|a INST
|b RHODES
|e 20140523
|h 938.977 ΔΙΑ
|p 005400036545
|q 005400036545
|t BK
|y 0
|
| 852 |
|
|
|a INST
|b RHODES
|e 20140523
|h 938.977 ΔΙΑ
|p 005400036546
|q 005400036546
|t BK
|y 0
|
| 901 |
|
|
|a BIBL4-2014-2
|
| 970 |
|
|
|z 2014/05/23
|